[Event "Wch U12"]
[Site "Batumi"]
[Date "2022.09.26"]
[Round "10"]
[White "Tsoy, Maxim1111"]
[Black "Dhooge, Servaas"]
[Result "1-0"]
[WhiteElo "1424"]
[BlackElo "1797"]
[PlyCount "35"]
[EventDate "2022.09.16"]
[EventType "swiss"]
[EventRounds "11"]
[EventCountry "GEO"]
[SourceTitle "EXT 2023"]
[Source "ChessBase"]
[SourceDate "2022.10.05"]
[SourceVersion "1"]
[SourceVersionDate "2022.10.05"]
[SourceQuality "1"]

1. e4 e5 2. Nf3 Nc6 3. Bb5 a6 4. Ba4 Nf6 5. 0-0 b5 6. Bb3 Bc5 7. c3 d6 8. d4 Bb6 9. Re1 Bg4 10. Bd5 Qd7 11. Bxc6 Qxc6 12. dxe5 Nxe4 13. Be3 d5 14. Nd4 Bxd1 15. Nxc6 Bxe3 16. Rxe3 Bh5 17. f3 Nc5 18. f4 1-0

[Event "Wch U12"]
[Site "Batumi"]
[Date "2022.09.24"]
[Round "8"]
[White "Gorkov, Kirill"]
[Black "Dhooge, Servaas"]
[Result "0-1"]
[WhiteElo "1501"]
[BlackElo "1797"]
[PlyCount "44"]
[EventDate "2022.09.16"]
[EventType "swiss"]
[EventRounds "11"]
[EventCountry "GEO"]
[SourceTitle "EXT 2023"]
[Source "ChessBase"]
[SourceDate "2022.10.05"]
[SourceVersion "1"]
[SourceVersionDate "2022.10.05"]
[SourceQuality "1"]

1. e4 e5 2. Nf3 Nc6 3. Bb5 a6 4. Bxc6 dxc6 5. 0-0 Bg4 6. h3 h5 7. d3 Qf6 8. Nbd2 Ne7 9. Re1 Ng6 10. hxg4 hxg4 11. Nh2 Rxh2 12. Kxh2 Qh4+ 13. Kg1 g3 14. Qf3 Bc5 15. Re3 Qh2+ 16. Kf1 Qh1+ 17. Ke2 Nf4+ 18. Qxf4 exf4 19. Rf3 Qxg2 20. Nf1 g5 21. c3 Bxf2 22. Bd2 Be3+ 0-1